|
|
|
|
| LEADER |
00000nam a22000007a 4500 |
| 005 |
20190519161922.0 |
| 007 |
cr|||| |||| |
| 008 |
190519s2019 es |||||s|||| 00||0 spa d |
| 020 |
|
|
|a 978-84-1324-128-9
|
| 035 |
|
|
|a 23284
|
| 040 |
|
|
|a vLex
|
| 090 |
|
|
|c 8773
|d 8773
|
| 100 |
1 |
|
|a Fernǹdez Gonzl̀ez, M® Begoą
|
| 245 |
1 |
0 |
|a Tratado sobre la igualdad jurd̕ica y social de la mujer en el siglo XXI
|h [Recurso electrn̤ico] /
|c M® Begoą Fernǹdez Gonzl̀ez
|
| 256 |
|
|
|a Servicio en ln̕ea
|
| 260 |
|
|
|a Madrid:
|b Dykinson,
|c 2019
|
| 300 |
|
|
|a 1 recurso electrn̤ico
|
| 500 |
|
|
|a A partir de esta reflexin̤, este libro pretende llevar a cabo un estudio que refleje la evolucin̤ y la posicin̤ jurd̕ica actual de la mujer en diferentes aspectos: civil, penal, laboral, empresarial, fiscal, polt̕ico y social. Es evidente que la mujer ha obtenido ciertos logros tras casi un siglo de luchas y reivindicaciones, pero todava̕ quedan pendientes algunas conquistas. Es cierto que algunas exigencias se han incorporado a la normativa sobre derechos familiares, derechos humanos y prc̀ticas laborales, pero tambiň lo es que, en ocasiones, no son respetadas. Esta obra llena un vaco̕ doctrinal y contribuye a enriquecer la doctrina cientf̕ica y acadm̌ica, siendo muy t︢il para ser manejada por parte de abogados y colectivos cuya profesin̤ principal est ̀relacionada con el Derecho.
|
| 506 |
1 |
|
|a Disponible solo en los productos indicados
|d vLex Global
|d vLex Global (Academic Edition, excluding Law Schools)
|d vLex Global (U.S. Academic Edition, Law Schools)
|d vLex Global (U.S. Academic Edition, excluding Law Schools)
|d vLex Global (Academic Edition, Law Schools)
|
| 650 |
0 |
4 |
|a Derecho Civil
|z Espaą
|
| 650 |
0 |
4 |
|a Derecho Laboral y Seguridad Social
|z Espaą
|
| 650 |
0 |
4 |
|a Derecho Penal
|z Espaą
|
| 740 |
0 |
|
|a vLex Libros (Servicio en ln̕ea)
|
| 856 |
4 |
0 |
|u http://vlex.com/source/tratado-sobre-la-igualdad-juridica-y-social-de-la-mujer-en-el-siglo-xxi-23284
|z Acceso restringido
|
| 942 |
|
|
|c BOOK
|
| 999 |
0 |
|
|a Civil Law
|
| 999 |
0 |
|
|a Labor Law and Social Security
|
| 999 |
0 |
|
|a Criminal Law
|